<?xml version="1.0" encoding="UTF-8"?>
<record
    xmlns:xsi="http://www.w3.org/2001/XMLSchema-instance"
    xsi:schemaLocation="http://www.loc.gov/MARC21/slim http://www.loc.gov/standards/marcxml/schema/MARC21slim.xsd"
    xmlns="http://www.loc.gov/MARC21/slim">

  <leader>03602    a2200205   4500</leader>
  <controlfield tag="001">23695</controlfield>
  <controlfield tag="005">20260407155523.0</controlfield>
  <controlfield tag="008">260407a1981    arg                 spa d</controlfield>
  <controlfield tag="003">AR-UNSa-BCEJYS</controlfield>
  <datafield tag="040" ind1=" " ind2=" ">
    <subfield code="a">AR-UNSa-BCEJYS</subfield>
    <subfield code="b">spa</subfield>
    <subfield code="c">AR-UNSa-BCEJYS</subfield>
  </datafield>
  <datafield tag="080" ind1=" " ind2=" ">
    <subfield code="a">658.012.4</subfield>
    <subfield code="x">Gesti&#xF3;n. Direcci&#xF3;n. Autoridad. T&#xE9;cnicas y m&#xE9;todos de gesti&#xF3;n (gesti&#xF3;n del conocimiento, Outsourcing, Benchmarking...)</subfield>
  </datafield>
  <datafield tag="245" ind1="1" ind2="0">
    <subfield code="a">La gerencia</subfield>
    <subfield code="p">tareas, responsabilidades y pr&#xE1;cticas</subfield>
  </datafield>
  <datafield tag="250" ind1=" " ind2=" ">
    <subfield code="a">4a. ed</subfield>
  </datafield>
  <datafield tag="264" ind1=" " ind2="1">
    <subfield code="a">Buenos Aires :</subfield>
    <subfield code="b">El Ateneo</subfield>
    <subfield code="c">1981</subfield>
  </datafield>
  <datafield tag="300" ind1=" " ind2=" ">
    <subfield code="a">550 p.</subfield>
    <subfield code="c">22 cm.</subfield>
  </datafield>
  <datafield tag="505" ind1=" " ind2=" ">
    <subfield code="a">1. La aparici&#xF3;n de la administraci&#xF3;n - 2. El "boom" de la administraci&#xF3;n y sus lecciones - 3. Los nuevos desaf&#xED;os - 4. Dimensiones de la administraci&#xF3;n - 5.Administraci&#xF3;n de una empresa: la historia de Sears - 6. &#xBF;Qu&#xE9; es una empresa? - 7. Prop&#xF3;sito y misi&#xF3;n de la empresa - 8. El poder y el prop&#xF3;sito de los objetivos: el caso de Marks &amp; Spencer y sus lecciones - 9. Estrategias, objetivos, prioridades y asignaciones de trabajo - 10. Planeamiento estrat&#xE9;gico: la aptitud empresarial - 11. La sociedad multiinstitucional - 12. &#xBF;Por qu&#xE9; las instituciones de servicio no rinden? - 13. Las excepciones y sus ense&#xF1;enzas? - 14. Administraci&#xF3;n de instituciones de servicios en vista del rendimiento - 15. Las nuevas realidades - 16. Qu&#xE9; sabemos (y que ignoramos)acerca del trabajo, las actividades de trabajo y el trabajador - 17. Obtenci&#xF3;n de un trabajo productivo: trabajo y proceso - 18. Obtenci&#xF3;n de un trabajo productivo: controles y herramientas - 19. El trabajador y el acto de trabajar: teor&#xED;a y realidad - 20. Historias de &#xE9;xitos: Jap&#xF3;n, Zeiss, IBM - 21. El trabajador responsable - 22. Empleo, ingresos y beneficios - 23. "La gente es nuestro principal activo" - 24. La administraci&#xF3;n y la calidad de vida - 25. Influencias y problemas sociales - 26. Los l&#xED;mites de la responsabilidad social - 27. La empresa y el gobierno - 28. "Primun non nocere": la &#xE9;tica de la responsabilidad - 29. El porqu&#xE9; de los administradores - 30. &#xBF;Cu&#xE1;les son los elementos esenciales de un gerente? - 31. El administrador y su trabajo - 32. Dise&#xF1;o y contenido de los cargos gerenciales - 33. Desarrollo de la administraci&#xF3;n y los administradores - 34. Administraci&#xF3;n por objetivos y autocontrol - 35. De la administraci&#xF3;n intermedia a la organizaci&#xF3;n basada en el conocimiento - 36. El esp&#xED;ritu de desempe&#xF1;o - 37. La decisi&#xF3;n efectiva - 38. Comunicaciones gerenciales - 39. Control, controles y administraci&#xF3;n - 40. El administrador y las ciencias de la administraci&#xF3;n - 41. Necesidad y enfoques nuevos - 42. Los elementos constitutivos de la organizaci&#xF3;n - 43. ...Y c&#xF3;mo se agrupan - 44. Logica y especificaciones del dise&#xF1;o - 45. Dise&#xF1;o centrado en el trabajo y la tarea: estructura y equipo funcional - 46. Dise&#xF1;o centrado en los resultados: descentralizaci&#xF3;n federal y simulada - 47. Dise&#xF1;o centrado en las relaciones: la estructura de sistema - 48. Conclusiones organizativas - 49. Georg Siemens y el Deutsche Bank - 50. Tareas de alta direcci&#xF3;n - 51. Estructura de la alta direcci&#xF3;n - 52. Necesidad de un directorio efectivo - 53. Acerca del tama&#xF1;o apropiado - 54. Administraci&#xF3;n de la empresa peque&#xF1;a, mediana y grande - 55. Acerca del tama&#xF1;o equivocado - 56. Las presiones en favor de la diversidad - 57. Unidad a partir de la diversidad - 58. Administraci&#xF3;n de la diversidad - 59. La empresa multinacional - 60. Administraci&#xF3;n del crecimiento - 61. La organizaci&#xF3;n innovadora 
</subfield>
  </datafield>
  <datafield tag="942" ind1=" " ind2=" ">
    <subfield code="c">BK</subfield>
  </datafield>
  <datafield tag="590" ind1=" " ind2=" ">
    <subfield code="a">niveau_biblio:m niveau_hierar:0</subfield>
  </datafield>
  <datafield tag="100" ind1="1" ind2=" ">
    <subfield code="a">Drucker, Peter Ferdinand</subfield>
  </datafield>
  <datafield tag="999" ind1=" " ind2=" ">
    <subfield code="c">1120</subfield>
    <subfield code="d">1120</subfield>
  </datafield>
  <datafield tag="952" ind1=" " ind2=" ">
    <subfield code="0">0</subfield>
    <subfield code="1">0</subfield>
    <subfield code="4">0</subfield>
    <subfield code="7">0</subfield>
    <subfield code="a">BCEJYS</subfield>
    <subfield code="b">BCEJYS</subfield>
    <subfield code="c">16</subfield>
    <subfield code="d">2026-04-07</subfield>
    <subfield code="l">0</subfield>
    <subfield code="o">658.012.4 D794g 4ed.</subfield>
    <subfield code="p">L33873</subfield>
    <subfield code="r">2026-04-07 15:55:23</subfield>
    <subfield code="w">2026-04-07</subfield>
    <subfield code="y">L</subfield>
  </datafield>
  <datafield tag="952" ind1=" " ind2=" ">
    <subfield code="0">0</subfield>
    <subfield code="1">0</subfield>
    <subfield code="4">0</subfield>
    <subfield code="7">0</subfield>
    <subfield code="a">BCEJYS</subfield>
    <subfield code="b">BCEJYS</subfield>
    <subfield code="c">16</subfield>
    <subfield code="d">2026-04-07</subfield>
    <subfield code="l">0</subfield>
    <subfield code="o">658.012.4 D794g 4ed.</subfield>
    <subfield code="p">L33961</subfield>
    <subfield code="r">2026-04-07 15:55:23</subfield>
    <subfield code="w">2026-04-07</subfield>
    <subfield code="y">L</subfield>
  </datafield>
</record>
